000 00594nam a22001817a 4500
005 20251108173043.0
008 250721s2005 xx 000 0 ara d
082 1 4 _a218.2/عبد
100 1 _aعبد الرحمن، أبو طلحة عمر بن إبراهيم بن حسن
245 1 0 _aسلسلة التنبيهات الهامة على ألفاظ العامة /
264 1 _aعمان :
_bدارابن الجوزي،
_c2005.
300 _a234 ص.
650 1 7 _aالألفاظ
650 1 7 _aالأخلاق الإسلامية
650 1 7 _aالبدع
942 _2ddc
_cBK
999 _c95000
_d95000